Quizzes
Events
Quiz Creation
Community
Videos
Private Events
Remove Ads
Sign In
Join for FREE
Feedback
Dark Mode
Quiz Categories
Sports
Geography
Music
Movies
Television
Just For Fun
Miscellaneous
History
Literature
Language
Science
Gaming
Entertainment
Religion
Holiday
For Kids
Quiz Lab
Recent
Popular Today
Quiz Kudos Today
Editor Picks
Curator Picks
Quizzes by...
Day
Popularity
Type
Ratings
Length
Year
Community
Subscriptions
Recent Discussions
Orange Saloon
Badges
Playlists
Quests
Create
Leaderboards
Showdown
Live 5
Trivia Bingo
Activity
Puzzle Library
Sporcle Events
Private Events
Virtual Trivia
Globe League
Become a Host
Pub Owners
SporcleCon
Opinionation
Our Games
Videos
Blog
Mobile Apps
Partnerships
Remove Ads and Go Orange
Feedback
Music
Pop Music
The Beatles
Song
Album
Lyrics
Bands
Singers
Artist
Clip
Rock
Rap
Classical
Billboard
Country Music
Kpop
Taylor Swift
Music
Pop Music
The Beatles
Song
Album
Lyrics
Bands
Singers
Artist
Clip
Rock
Rap
Classical
Billboard
Country Music
Kpop
Taylor Swift
Random Quiz
Search Sporcle
×
Quiz Lab
Quiz Lab
Music
Glee
Type in answers that appear in a list
Type in answers that appear in a list
Classic
Best Score? Go Orange.
Guess the Glee lyrics! (season 2) Stats
Can you name the Guess the Glee lyrics!?
By
emmiesquaw
12m
200 Questions
1,719 Plays
1,719 Plays
1,719 Plays
Comments
Comments
Give Quiz Kudos
Give Quiz Kudos
-
- Ratings
hide this ad
Replay
Link that replays current quiz
Next Quiz
Link to next quiz in quiz playlist
You Got
0%
They Got
Avg Score
42%
Avg Friend Score
Upgrade to see
Score Distribution
Jump to the score distribution portion of the page
Score
0/200
Timer
12:00
0
Plays Today
% Correct
the
93.9%
a
93.9%
and
93.9%
a
93.9%
and
93.9%
the
93.9%
the
93.9%
the
93.9%
a
93.9%
a
93.9%
a
93.9%
a
93.9%
the
93.9%
The
93.9%
the
93.9%
the
93.9%
the
93.9%
a
93.9%
and
93.9%
a
93.9%
a
93.9%
and
93.9%
a
93.9%
You
90.7%
you
90.6%
you
90.6%
you
90.6%
you
90.6%
you
90.6%
you
90.6%
you
90.6%
you
90.6%
you
90.6%
you
90.6%
You
90.6%
you
90.6%
you
90.6%
you
90.6%
you
90.6%
me
76.7%
me
76.7%
me
76.7%
i
75.4%
i
75.4%
i
75.4%
to
71.4%
to
71.4%
it
70.9%
be
67.3%
be
67.3%
your
65.7%
your
65.7%
on
65.7%
on
65.7%
on
65.7%
on
65.7%
on
65.7%
we
64.9%
we
64.9%
we
64.9%
in
63.7%
So
60%
you're
58.3%
no
57.9%
for
55.3%
don't
52.8%
of
49.1%
% Correct
when
49%
that
48.4%
that
48.4%
too
46.7%
too
46.7%
too
46.7%
too
46.7%
I'll
46.7%
have
42%
have
42%
one
41.7%
one
41.7%
they
39.1%
they
39.1%
they
39.1%
they
39.1%
but
38.9%
but
38.9%
but
38.9%
but
38.9%
were
38.2%
as
37.9%
or
35%
with
34.1%
got
33.4%
got
33.4%
let
31.7%
Come
31.6%
come
31.6%
down
31%
well
30.6%
Well
30.6%
good
30.3%
good
30.3%
good
30.3%
good
30.3%
Only
30.2%
Only
30.2%
only
30.2%
only
30.2%
up
29.8%
never
28.8%
never
28.8%
Never
28.8%
tell
27.4%
young
26.1%
young
26.1%
young
26.1%
much
25.7%
give
25.7%
die
25.5%
die
25.5%
die
25.5%
die
25.5%
thing
24.8%
might
23.9%
might
23.9%
might
23.9%
might
23.9%
wait
22.8%
girls
22.1%
late
21.6%
show
21.6%
start
21%
told
20.4%
told
20.4%
Virginia
20.1%
% Correct
done
20.1%
Virginia
20.1%
Virginia
20.1%
aw
19.5%
away
19.5%
aw
19.5%
Catholic
19.1%
comes
18.9%
didn't
18.5%
didn't
18.5%
later
18%
sooner
17.8%
ain't
17.6%
ain't
17.6%
new
17.5%
fate
16.9%
hurt
16.9%
pray
16.4%
sun
16.2%
run
15.9%
lets
15.9%
pretty
15.8%
white
15.8%
dress
15.7%
nice
15.3%
pay
15.3%
bit
15.2%
price
15.1%
party
15%
heard
14.8%
locked
14.7%
sign
14.5%
proud
14.2%
loud
14%
showed
13.7%
dangerous
13.7%
statue
13.6%
crowd
13.5%
built
13.2%
temple
13.2%
line
13%
soul
12.9%
laughing
12.9%
count
12.6%
brand
12.5%
behind
12.4%
send
12.1%
throw
12.1%
signal
11.6%
glass
11.6%
hiding
11.6%
Darlin'
11.5%
gold
11.5%
enough
11.4%
information
11.3%
curtain
11.1%
quite
11.1%
stained
10.9%
cross
10.7%
confirmation
10.5%
ya
10.4%
Rosary
9.9%
counting
9.5%
Woah
8.4%
mmm
4.1%
oh woah woah
1%
Quiz Playlist
Details
Report
Send in Message
Add To Playlist
Classic:
Type in answers that appear in a list
Last Updated: Feb 16, 2017
Quiz Scoreboard
CHALLENGE
Sign Up to Join the Scoreboard
Show All
Scores
Hide
Comments
May contain spoilers
Recently Published
Popular People in 1961
by mucciniale
History
6m
1-10 Letter E Words III
by El_Dandy
Language
2m
One Thing in Common: World Cities II
by knightlancer
Geography
7m
More to Explore
Quiz From the Vault
Featured Blog Post
Where Did the Easter Bunny Come From?
hide this ad
You Might Also Like...
Tags
Glee
Today's Top Quizzes in Music
Browse Music
hide this ad
Today's Top Quizzes in Glee
Browse Glee
Top Contributed Quizzes in Music
1
Taylor Swift All Songs (2024)
2
Taylor Swift Logic Puzzle
3
2010s Album by Cover III
4
Guess the Taylor Swift song (Mystery Song)
5
One Thing in Common: Music
6
Guess the Artist- 70s Songs
7
2010s Album by Cover IV
8
2010s Album by Cover V
9
Get the Picture: Carrie or Dolly
10
Lana Del Rey Discography (BTD to DYKTTATUOB)
Explore More
Trending Topics
Marvel
Anime
Kpop
Crossword
Disney
NBA
Harry Potter
Soccer
Pokémon
Country
WWE
The Office
Song
NFL
Puzzle
hide this ad
More By:
emmiesquaw
Quiz
Plays
Rating
Category
Featured
Created
Guess the Taylor Swift Lyrics
2,175
2.33
Music
Oct 9, 2010
Reign Characters
1,858
4.00
Television
Feb 1, 2014
Guess the Glee lyrics! (season 2)
1,719
4.00
Music
Oct 10, 2010
Anne Of Green Gables (Series) Characters
884
3.20
Literature
Oct 9, 2010
Guess the lyrics - Glee
755
3.33
Television
Jan 11, 2012
Go to Creator's Profile
Score Distribution
Quiz Creator Spotlight
emmiesquaw
Follow
Send a Message
Quizzes Created
-
Created Quiz Play Count
-
More By This Creator
Popular Quizzes Today
1
Find the US States - No Outlines Minefield
2
The Countries of the World
3
Popular People in 1961
4
Find the Countries of Europe - No Outlines Minefield
5
1-10 Letter E Words III
6
Find the US States
7
One Thing in Common: World Cities II
8
US States
More Music Quizzes
Taylor Swift - Reputation Trivia
Quiz Lab
Trending Quizzes
Country Music Stars Doing Things
Get the Picture: Carrie or Dolly
1-10 Letter F Words
1-10 Letter G Words
Risky Map Clicking: Next State Alphabetically
Recently Updated
Leaping Animals
pecheneg
Reality TV Shows (A-Z)
bhenderson79
Rickey Henderson's Hall of Fame Teammates
pecheneg
Champions League XIs: Arsenal
pecheneg
Quick Pick: Celebrities in WWE's Hall of Fame
aduchscher
A-Z Keypad Blitz II
pecheneg
Multiple Oscar Actors
pecheneg
Mystery Phrase Blitz: Oscar 'Best Actors'
pecheneg
F. Scott Fitzgerald Novels
LTH
Pick 3 Villains
ddd62291
Trending Topics
Anime
Disney
Marvel
NBA
Crossword
Harry Potter
Kpop
Song
The Office
Pokémon
NFL
WWE
Soccer
Country
Puzzle
Your Account Isn't Verified!
In order to create a playlist on Sporcle, you need to verify the email address you used during registration. Go to your
Sporcle Settings
to finish the process.
Report this User
Report this user for behavior that violates our
Community Guidelines
.
Details:
Send Report
Go to the Sporcle.com Mobile Site →
Comments